Một số biện pháp đổi mới cơ chế phân bổ ngân sách nhà nước cho hoạt động nghiên cứu khoa học tại các trường đại học

Spremljeno u:
Bibliografski detalji
Glavni autor: Nguyễn, Vĩnh Khương
Daljnji autori: Nguyễn, Thị Yến Nam
Format: Knjiga
Jezik:Undetermined
Teme:
Online pristup:http://lrc.tdmu.edu.vn/opac/search/detail.asp?aID=2&ID=27092
Oznake: Dodaj oznaku
Bez oznaka, Budi prvi tko označuje ovaj zapis!
Thư viện lưu trữ: Trung tâm Học liệu Trường Đại học Thủ Dầu Một
LEADER 00844nam a2200157Ia 4500
001 TDMU_27092
008 210410s9999 xx 000 0 und d
082 |a 634.9 
100 |a Nguyễn, Vĩnh Khương 
245 0 |a Một số biện pháp đổi mới cơ chế phân bổ ngân sách nhà nước cho hoạt động nghiên cứu khoa học tại các trường đại học 
245 0 |c Nguyễn Vĩnh Khương, Nguyễn Thị Yến Nam 
300 |a Tr.129-135 
650 |a Giáo dục đại học và nhà nước; Trường đại học; Nghiên cứu khoa học; Ngân sách; Cơ chế 
700 |a Nguyễn, Thị Yến Nam 
856 |u http://lrc.tdmu.edu.vn/opac/search/detail.asp?aID=2&ID=27092 
980 |a Trung tâm Học liệu Trường Đại học Thủ Dầu Một